Chagi ka Toor (Record no. 609615)
[ view plain ]
| 000 -LEADER | |
|---|---|
| fixed length control field | 00282nam a22001217a 4500 |
| 040 ## - CATALOGING SOURCE | |
| Transcribing agency | NUST |
| 082 ## - DEWEY DECIMAL CLASSIFICATION NUMBER | |
| Classification number | 891.4393 |
| Author Mark | MAD |
| 100 ## - MAIN ENTRY--PERSONAL NAME | |
| Personal name | Madni Chandio |
| 9 (RLIN) | 73569 |
| 245 ## - TITLE STATEMENT | |
| Title | Chagi ka Toor |
| 260 ## - PUBLICATION, DISTRIBUTION, ETC. | |
| Place of publication, distribution, etc. | Dadu: |
| Name of publisher, distributor, etc. | Walla tafarqu, |
| Date of publication, distribution, etc. | 1999. |
| 650 ## - SUBJECT ADDED ENTRY--TOPICAL TERM | |
| Topical term or geographic name entry element | Chagi ka Toor |
| 9 (RLIN) | 123415 |
| 942 ## - ADDED ENTRY ELEMENTS (KOHA) | |
| Source of classification or shelving scheme | |
| Koha item type | Book |
| Withdrawn status | Lost status | Source of classification or shelving scheme | Damaged status | Not for loan | Permanent Location | Current Location | Shelving location | Date acquired | Shelving control number | Full call number | Barcode | Date last seen | Price effective from | Koha item type | Public note | Total Checkouts |
|---|---|---|---|---|---|---|---|---|---|---|---|---|---|---|---|---|
| College of Electrical & Mechanical Engineering (CEME) | College of Electrical & Mechanical Engineering (CEME) | Fiction | 06/10/2024 | Urdu Literature | 891.4393 MAD | CEME- 48041 | 06/10/2024 | 06/10/2024 | Book | 1.0 | ||||||
| College of Electrical & Mechanical Engineering (CEME) | College of Electrical & Mechanical Engineering (CEME) | Fiction | 12/08/2025 | Urdu Literature | 891.4393 MAD | CEME-48041-A | 12/08/2025 | 12/08/2025 | Book | 1.0 |
